<?xml version="1.0" encoding="UTF-8"?>
<record
    xmlns:xsi="http://www.w3.org/2001/XMLSchema-instance"
    xsi:schemaLocation="http://www.loc.gov/MARC21/slim http://www.loc.gov/standards/marcxml/schema/MARC21slim.xsd"
    xmlns="http://www.loc.gov/MARC21/slim">

  <leader>00934nam a22001577a 4500</leader>
  <controlfield tag="003">OSt</controlfield>
  <controlfield tag="005">20151217154705.0</controlfield>
  <controlfield tag="008">151217b        xxu||||| |||| 00| 0 eng d</controlfield>
  <datafield tag="040" ind1=" " ind2=" ">
    <subfield code="c">RUA </subfield>
  </datafield>
  <datafield tag="082" ind1=" " ind2=" ">
    <subfield code="a">AED VA 2006 B221 Or.1</subfield>
  </datafield>
  <datafield tag="100" ind1=" " ind2=" ">
    <subfield code="9">5056</subfield>
    <subfield code="a">VA VICHETTRA; &#x179C;&#x17C9;&#x17B6; &#x179C;&#x17B7;&#x1785;&#x17B7;&#x178F;&#x17D2;&#x179A;&#x17B6;</subfield>
  </datafield>
  <datafield tag="245" ind1=" " ind2=" ">
    <subfield code="a">Understanding the firewood production chain in a dip terocarpaceae degraded forest area case study in trapeang russei commune, kampong svay district, kompong thom province, &#x1780;&#x17B6;&#x179A;&#x179F;&#x17D2;&#x179C;&#x17C2;&#x1784;&#x1799;&#x179B;&#x17CB;&#x17A2;&#x17C6;&#x1796;&#x17B8;&#x1785;&#x1784;&#x17D2;&#x179C;&#x17B6;&#x1780;&#x17CB;&#x1795;&#x179B;&#x17B7;&#x178F;&#x1780;&#x1798;&#x17D2;&#x1798;&#x17A2;&#x17BB;&#x179F; &#x1793;&#x17C5;&#x1780;&#x17D2;&#x1793;&#x17BB;&#x1784;&#x1796;&#x17D2;&#x179A;&#x17C3;&#x179A;&#x17B7;&#x1785;&#x179A;&#x17B7;&#x179B; &#x1794;&#x17D2;&#x179A;&#x1797;&#x17C1;&#x1791; Dipterocaeae &#x1780;&#x179A;&#x178E;&#x17B8;&#x179F;&#x17B7;&#x1780;&#x17D2;&#x179F;&#x17B6;&#x1780;&#x17D2;&#x1793;&#x17BB;&#x1784;&#x1783;&#x17BB;&#x17C6;&#x178F;&#x17D2;&#x179A;&#x1796;&#x17B6;&#x17C6;&#x1784;&#x17AC;&#x179F;&#x17D2;&#x179F;&#x17B8; &#x179F;&#x17D2;&#x179A;&#x17BB;&#x1780;&#x1780;&#x17C6;&#x1796;&#x1784;&#x17CB;&#x179F;&#x17D2;&#x179C;&#x17B6;&#x1799; &#x1781;&#x17C1;&#x178F;&#x17D2;&#x178F;&#x1780;&#x17C6;&#x1796;&#x1784;&#x17CB;&#x1792;&#x17C6;.</subfield>
  </datafield>
  <datafield tag="260" ind1=" " ind2=" ">
    <subfield code="a">Phnom Penh </subfield>
    <subfield code="b">RUA </subfield>
    <subfield code="c">2006</subfield>
  </datafield>
  <datafield tag="300" ind1=" " ind2=" ">
    <subfield code="a">xii; 59p. </subfield>
    <subfield code="b">ill.</subfield>
    <subfield code="c">29cm.</subfield>
  </datafield>
  <datafield tag="942" ind1=" " ind2=" ">
    <subfield code="2">ddc</subfield>
    <subfield code="c">AED</subfield>
  </datafield>
  <datafield tag="999" ind1=" " ind2=" ">
    <subfield code="c">4704</subfield>
    <subfield code="d">4704</subfield>
  </datafield>
  <datafield tag="952" ind1=" " ind2=" ">
    <subfield code="0">0</subfield>
    <subfield code="1">0</subfield>
    <subfield code="2">ddc</subfield>
    <subfield code="4">0</subfield>
    <subfield code="6">AED_VA_2006_000000000000000_B221_OR_1</subfield>
    <subfield code="7">0</subfield>
    <subfield code="9">24188</subfield>
    <subfield code="a">LBB</subfield>
    <subfield code="b">LBB</subfield>
    <subfield code="c">B221</subfield>
    <subfield code="d">2015-12-17</subfield>
    <subfield code="o">AED VA 2006 B221 Or.1</subfield>
    <subfield code="p">RUA030276</subfield>
    <subfield code="r">2015-12-17</subfield>
    <subfield code="w">2015-12-17</subfield>
    <subfield code="y">AED</subfield>
  </datafield>
  <datafield tag="952" ind1=" " ind2=" ">
    <subfield code="0">0</subfield>
    <subfield code="1">0</subfield>
    <subfield code="2">ddc</subfield>
    <subfield code="4">0</subfield>
    <subfield code="6">AED_VA_2006_000000000000000_B221_OR_2</subfield>
    <subfield code="7">0</subfield>
    <subfield code="9">24189</subfield>
    <subfield code="a">LBB</subfield>
    <subfield code="b">LBB</subfield>
    <subfield code="c">B221</subfield>
    <subfield code="d">2015-12-17</subfield>
    <subfield code="o">AED VA 2006 B221 Or.2</subfield>
    <subfield code="p">RUA030336</subfield>
    <subfield code="r">2015-12-17</subfield>
    <subfield code="w">2015-12-17</subfield>
    <subfield code="y">AED</subfield>
  </datafield>
  <datafield tag="952" ind1=" " ind2=" ">
    <subfield code="0">0</subfield>
    <subfield code="1">0</subfield>
    <subfield code="2">ddc</subfield>
    <subfield code="4">0</subfield>
    <subfield code="6">AED_VA_2006_000000000000000_B221_OR_3</subfield>
    <subfield code="7">0</subfield>
    <subfield code="9">24190</subfield>
    <subfield code="a">LBB</subfield>
    <subfield code="b">LBB</subfield>
    <subfield code="c">B221</subfield>
    <subfield code="d">2015-12-17</subfield>
    <subfield code="o">AED VA 2006 B221 Or.3</subfield>
    <subfield code="p">RUA046649</subfield>
    <subfield code="r">2015-12-17</subfield>
    <subfield code="w">2015-12-17</subfield>
    <subfield code="y">AED</subfield>
  </datafield>
  <datafield tag="952" ind1=" " ind2=" ">
    <subfield code="0">0</subfield>
    <subfield code="1">0</subfield>
    <subfield code="2">ddc</subfield>
    <subfield code="4">0</subfield>
    <subfield code="6">AED_VA_2006_000000000000000_B221_OR_4</subfield>
    <subfield code="7">0</subfield>
    <subfield code="9">24191</subfield>
    <subfield code="a">LBB</subfield>
    <subfield code="b">LBB</subfield>
    <subfield code="c">B221</subfield>
    <subfield code="d">2015-12-17</subfield>
    <subfield code="o">AED VA 2006 B221 Or.4</subfield>
    <subfield code="p">RUA41435</subfield>
    <subfield code="r">2015-12-17</subfield>
    <subfield code="w">2015-12-17</subfield>
    <subfield code="y">AED</subfield>
  </datafield>
</record>
